[Event "Elitserien(Wasa-Astorp)"]
[Site "?"]
[Date "2005.??.??"]
[Round "10"]
[White "Ivarsson, Stefan"]
[Black "von Bahr, Oskar"]
[Result "1/2-1/2"]
[WhiteElo "2293"]
[BlackElo "2384"]
[PlyCount "67"]

1. g3 c5 2. Bg2 Nc6 3. c4 g6 4. Nc3 Bg7 5. a3 Rb8 6. Rb1 a6 7. b4 cxb4 8. axb4
b5 9. cxb5 axb5 10. h4 Nf6 11. d4 d5 12. Bf4 Rb7 13. e3 Bg4 14. Nge2 O-O 15.
Qd2 Qd7 16. Nc1 Bf5 17. Nd3 Bxd3 18. Qxd3 e6 19. Bf3 h5 20. Nxb5 Rxb5 21. Qxb5
Nxd4 22. Qxd7 Nxf3+ 23. Ke2 Nxd7 24. Kxf3 e5 25. Rhd1 Nb6 26. Rbc1 exf4 27. Rc6
Rb8 28. Kxf4 Kf8 29. b5 Ke7 30. Rc7+ Ke6 31. Rc6+ Ke7 32. Rc7+ Ke6 33. Rc6+ Ke7
34. Rc7+ 1/2-1/2

[Event "Elitserien(Wasa-Astorp)"]
[Site "?"]
[Date "2005.??.??"]
[Round "10"]
[White "Tallinger, Thomas"]
[Black "Astrom, Goran"]
[Result "1-0"]
[WhiteElo "2204"]
[BlackElo "2325"]
[PlyCount "106"]

1. e4 c5 2. Nf3 e6 3. d4 cxd4 4. Nxd4 a6 5. c4 Nf6 6. Nc3 Qc7 7. Nc2 b6 8. Be3
Bc5 9. Be2 O-O 10. Bg5 Be7 11. Qd2 Bb7 12. f3 d6 13. Rd1 Nbd7 14. Bf4 Ne5 15.
Qd4 Rac8 16. Ne3 Nh5 17. Bg3 Nxg3 18. hxg3 Rfd8 19. Na4 Nd7 20. Kf2 Nc5 21. Nc3
Bf6 22. Qd2 b5 23. cxb5 Bxc3 24. Qxc3 axb5 25. Qb4 Ra8 26. Qd2 Rxa2 27. Rh5
Bxe4 28. Rxc5 Qxc5 29. fxe4 Qe5 30. Qc3 Qxc3 31. bxc3 Kf8 32. Kf3 Rc8 33. Rd3
Ra3 34. Nd1 Ke7 35. Rd4 Rc5 36. Rb4 Ra5 37. Ke3 Kd7 38. Rb3 Kc6 39. Nf2 Rg5 40.
g4 h6 41. Bf3 Kb6 42. Nd3 Ra1 43. Nf4 Ka5 44. Ne2 Ra4 45. Nd4 Rc5 46. Nc2 Ra2
47. Kd3 Kb6 48. Nd4 Ra4 49. Bd1 Ra1 50. Be2 Rg1 51. Bf3 Rc1 52. Kd2 Rg1 53. Ra3
Rb1 1-0

[Event "Elitserien(Wasa-Astorp)"]
[Site "?"]
[Date "2005.??.??"]
[Round "10"]
[White "Collett, Peter"]
[Black "Pettersson, Gosta"]
[Result "1/2-1/2"]
[WhiteElo "2261"]
[BlackElo "2139"]
[PlyCount "142"]

1. d4 d5 2. c4 Bf5 3. cxd5 Bxb1 4. Qa4+ c6 5. Rxb1 Qxd5 6. Nf3 Nd7 7. a3 Ngf6
8. g3 Qe4 9. Ra1 e5 10. Bg2 exd4 11. Qxd4 Bc5 12. Qxe4+ Nxe4 13. O-O Ndf6 14.
Ne1 O-O 15. Nd3 Bb6 16. Bf4 Rfe8 17. Rad1 Rad8 18. Bf3 h6 19. Kg2 Ng5 20. Bxg5
hxg5 21. e3 Ne4 22. Be2 g6 23. Nc1 a5 24. Rxd8 Rxd8 25. Rd1 Rxd1 26. Bxd1 Kg7
27. Kf3 Nd2+ 28. Ke2 Nc4 29. Nd3 Kf6 30. Bb3 Nd6 31. g4 Ne4 32. Ne1 Nc5 33. Bc2
Bc7 34. Nf3 Nd7 35. h3 Ne5 36. Nd2 Ke7 37. f4 gxf4 38. exf4 Nd7 39. Kf3 Nb6 40.
h4 Nd5 41. f5 gxf5 42. Bxf5 Be5 43. b3 b5 44. a4 Nc3 45. Bc2 Kd6 46. Ke3 Nd5+
47. Ke4 Ke6 48. g5 Nc3+ 49. Ke3 Nd5+ 50. Kf3 Nc3 51. h5 Bh8 52. h6 Ke5 53. Nf1
Nd5 54. Be4 Kd4 55. Ng3 bxa4 56. Ne2+ Kc5 57. bxa4 Nc3 58. Nxc3 Bxc3 59. Ke3
Kd6 60. Kd3 Bh8 61. Ke3 Ke5 62. Bb1 c5 63. Bd3 Kd5 64. Bh7 Ke5 65. Be4 c4 66.
Bb1 Kd5 67. Bh7 Ke5 68. Be4 c3 69. Bc2 Ke6 70. Ke4 Ke7 71. Kd5 Kf8 1/2-1/2

[Event "Elitserien(Wasa-Astorp)"]
[Site "?"]
[Date "2005.??.??"]
[Round "10"]
[White "Josefsson, Kenneth"]
[Black "Berkell, Peder"]
[Result "1/2-1/2"]
[WhiteElo "2018"]
[BlackElo "2242"]
[PlyCount "141"]

1. e3 g6 2. e4 d6 3. d4 Bg7 4. c3 Nf6 5. Bd3 O-O 6. Ne2 Nbd7 7. f3 e5 8. O-O
Re8 9. d5 c6 10. c4 Qb6+ 11. Kh1 cxd5 12. cxd5 Nc5 13. Bc2 Nh5 14. Nbc3 f5 15.
Na4 Nxa4 16. Bxa4 Rf8 17. exf5 gxf5 18. Qb3 Qd8 19. Bd2 f4 20. Bb5 Rf7 21. Bd3
Bf8 22. a4 Rg7 23. Rf2 Qh4 24. Kg1 Ng3 25. hxg3 fxg3 26. Nxg3 Rxg3 27. Qb4 Qf6
28. Qe4 Rg7 29. Kf1 Rf7 30. Ke2 Bf5 31. Qxf5 Qxf5 32. Bxf5 Rxf5 33. g4 Rf7 34.
Rc1 Re8 35. Rc4 Bg7 36. Bb4 Rf4 37. Re4 Bf8 38. Bd2 Rf7 39. Rc4 Bg7 40. b3 Bf8
41. Rh2 Bg7 42. g5 Bf8 43. Rch4 Bg7 44. R2h3 Rf5 45. Rg4 e4 46. fxe4 Rxd5 47.
Rd3 Rxd3 48. Kxd3 Kf7 49. Rf4+ Kg6 50. Rf5 Be5 51. Rf1 Rc8 52. Rh1 a6 53. Rh6+
Kg7 54. a5 Rc6 55. b4 Rc8 56. Rh1 Kg6 57. Rc1 Rxc1 58. Bxc1 Kf7 59. Kc4 Ke6 60.
Be3 Bg3 61. b5 Be1 62. bxa6 bxa6 63. Bb6 Bd2 64. Bd8 Kd7 65. Kd3 Be1 66. Bb6
Kc6 67. Kc4 Bd2 68. Bd8 Bf4 69. Bf6 Be3 70. Kd3 Bc1 71. Kc4 1/2-1/2

[Event "Elitserien(Wasa-Astorp)"]
[Site "?"]
[Date "2005.??.??"]
[Round "10"]
[White "Nordstrom, Felix"]
[Black "Sandklef, Ake"]
[Result "0-1"]
[WhiteElo "2212"]
[BlackElo "1889"]
[PlyCount "62"]

1. d4 d5 2. c4 c6 3. Nf3 Nf6 4. Nc3 dxc4 5. a4 Bf5 6. Ne5 Nbd7 7. Nxc4 Qc7 8.
Bg5 e5 9. Bxf6 gxf6 10. e3 Rd8 11. Qf3 Be6 12. Be2 Rg8 13. O-O-O Bg4 14. Qe4
Bxe2 15. Nxe2 b5 16. Nd2 bxa4 17. Nc3 a3 18. b3 Rb8 19. Kc2 f5 20. Qxf5 Rxg2
21. Nde4 Qb6 22. dxe5 Qxb3+ 23. Kd3 Rb4 24. Ke2 Qe6 25. Qf3 Rg6 26. Kf1 Rb2 27.
Nd6+ Bxd6 28. exd6 Ne5 29. d7+ Kd8 30. Qe4 Qh3+ 31. Ke1 Nf3+ 0-1

[Event "Elitserien(Sollentuna-Limhamn)"]
[Site "?"]
[Date "2005.??.??"]
[Round "10"]
[White "Eriksson, Magnus"]
[Black "Eriksson, Jonas"]
[Result "1/2-1/2"]
[WhiteElo "2425"]
[BlackElo "2390"]
[PlyCount "94"]

1. d4 d5 2. c4 c6 3. cxd5 cxd5 4. Nc3 Nf6 5. Bf4 Nc6 6. e3 a6 7. h3 Bf5 8. Bd3
Bxd3 9. Qxd3 e6 10. Nf3 Bd6 11. Bxd6 Qxd6 12. O-O O-O 13. Rfc1 Rfc8 14. Na4 Nd7
15. Nc5 Nxc5 16. Rxc5 Rd8 17. Rac1 Rd7 18. Qc3 f6 19. b4 g5 20. a4 h5 21. Nd2
g4 22. b5 axb5 23. axb5 Ne7 24. hxg4 hxg4 25. Nf1 f5 26. Ng3 Kf7 27. Rc7 b6 28.
Nh5 Rxc7 29. Qxc7 Qxc7 30. Rxc7 Ra5 31. Nf4 Rxb5 32. Rd7 Rb1+ 33. Kh2 Rc1 34.
Rb7 Rc6 35. Nd3 Kf6 36. Ne5 Rd6 37. Kg3 b5 38. Rxb5 Ng6 39. Nd3 Kg5 40. Nc5 Rc6
41. f4+ gxf3 42. gxf3 f4+ 43. Kf2 fxe3+ 44. Kxe3 Nh4 45. Rb8 Nf5+ 46. Kd3 e5
47. Nb3 exd4 1/2-1/2

[Event "Elitserien(Sollentuna-Limhamn)"]
[Site "?"]
[Date "2005.??.??"]
[Round "10"]
[White "Couso, Luis"]
[Black "Tadjerbashi, Amir"]
[Result "1-0"]
[WhiteElo "2447"]
[BlackElo "2252"]
[PlyCount "83"]

1. e4 e5 2. Nf3 Nc6 3. Bb5 a6 4. Ba4 Nf6 5. O-O Be7 6. Re1 b5 7. Bb3 O-O 8. h3
Bb7 9. d3 d6 10. a3 Na5 11. Ba2 c5 12. Nbd2 Bc8 13. Nf1 Be6 14. Bxe6 fxe6 15.
b4 cxb4 16. axb4 Nc6 17. c3 Qd7 18. N1h2 Rfe8 19. Ng4 Nxg4 20. hxg4 Bd8 21. Be3
d5 22. Bc5 a5 23. c4 Bc7 24. cxb5 Nxb4 25. b6 Bd6 26. b7 Rab8 27. Rxa5 Rxb7 28.
Bxd6 Qxd6 29. Qa4 Rbb8 30. d4 exd4 31. exd5 Nd3 32. Ra1 e5 33. Ra7 Red8 34. Qc2
Nb4 35. Qf5 Qf6 36. Nxe5 Qxf5 37. gxf5 Rxd5 38. Re7 d3 39. Raa7 Rxe5 40. Rxg7+
Kf8 41. Rxh7 Re7 42. Raxe7 1-0

[Event "Elitserien(Limhamn-Rockaden)"]
[Site "?"]
[Date "2005.??.??"]
[Round "11"]
[White "Barkhagen, Jonas"]
[Black "Nylen, Anders"]
[Result "1-0"]
[WhiteElo "2538"]
[BlackElo "2269"]
[PlyCount "73"]

1. d4 Nf6 2. c4 g6 3. Nc3 d5 4. Bg5 Ne4 5. Bf4 Nxc3 6. bxc3 c6 7. h4 Qa5 8. Qc1
Bg7 9. e3 Bf5 10. h5 c5 11. Qd2 cxd4 12. cxd4 Qxd2+ 13. Kxd2 dxc4 14. Bxc4 Nc6
15. Nf3 Rd8 16. Ke2 O-O 17. Rac1 Rc8 18. Nh4 Be6 19. Bxe6 fxe6 20. hxg6 h6 21.
Nf3 Rf6 22. Ne5 Nxd4+ 23. exd4 Rd8 24. Be3 Rf5 25. g4 Rff8 26. Nf7 Rd5 27.
Nxh6+ Bxh6 28. Rxh6 Ra5 29. Rch1 Rxa2+ 30. Kd3 Rf3 31. Ke4 Rf6 32. Rh8+ Kg7 33.
R1h7+ Kxg6 34. Rxe7 Rf7 35. Rg8+ Kh7 36. Rxf7+ Kxg8 37. Rxb7 1-0

[Event "Elitserien(Limhamn-Rockaden)"]
[Site "?"]
[Date "2005.??.??"]
[Round "11"]
[White "Carlsson, Daniel"]
[Black "Karlsson, Lars"]
[Result "0-1"]
[WhiteElo "2313"]
[BlackElo "2550"]
[PlyCount "68"]

1. e4 c5 2. Nf3 d6 3. d4 cxd4 4. Nxd4 Nf6 5. Nc3 g6 6. Be3 Bg7 7. f3 Nc6 8. Qd2
Bd7 9. O-O-O h5 10. Kb1 Rc8 11. Nb3 a6 12. Qf2 Qc7 13. Bb6 Qb8 14. h3 Be6 15.
Nd4 Nd7 16. Nxe6 Bxc3 17. Bd4 Bxd4 18. Nxd4 Nf6 19. Qe1 Nxd4 20. Rxd4 Rc5 21.
g3 Qc7 22. Rh2 h4 23. gxh4 e5 24. Rd1 Nh5 25. Qb4 Ke7 26. Rhd2 Rc6 27. c4 Rc8
28. a3 b6 29. Rd5 f6 30. Qe1 Nf4 31. Qg3 b5 32. h5 bxc4 33. hxg6 c3 34. Rc1
cxb2 0-1

[Event "Elitserien(Kamraterna-Wasa)"]
[Site "?"]
[Date "2005.??.??"]
[Round "11"]
[White "Lyrberg, Patrik"]
[Black "Svensson, Bengt"]
[Result "1/2-1/2"]
[WhiteElo "2573"]
[BlackElo "2459"]
[PlyCount "51"]

1. d4 d5 2. c4 dxc4 3. Nc3 Nf6 4. e4 e5 5. d5 c6 6. Bxc4 Bb4 7. Qb3 Qe7 8. Bg5
Nbd7 9. Nge2 Nc5 10. Bxf6 Nxb3 11. Bxe7 Nxa1 12. Bxb4 Nc2+ 13. Kd2 Nxb4 14. a3
Na6 15. Bxa6 bxa6 16. dxc6 Be6 17. Nd5 O-O-O 18. Nec3 Bxd5 19. exd5 Rxd5+ 20.
Nxd5 Rd8 21. Ke3 Rxd5 22. Rc1 Kc7 23. b4 Rd6 24. Rc5 f6 25. Ke4 Rd4+ 26. Ke3
1/2-1/2

[Event "Elitserien(Kamraterna-Wasa)"]
[Site "?"]
[Date "2005.??.??"]
[Round "11"]
[White "Svenn, Gosta"]
[Black "Astrom, Goran"]
[Result "0-1"]
[WhiteElo "2406"]
[BlackElo "2325"]
[PlyCount "56"]

1. d4 Nf6 2. Nf3 e6 3. e3 b6 4. Bd3 Bb7 5. O-O c5 6. b3 Be7 7. Bb2 Nc6 8. a3
O-O 9. Nbd2 d5 10. Qe2 cxd4 11. exd4 Re8 12. Rfe1 Rc8 13. c4 Bf8 14. Rad1 g6
15. Qe3 Qc7 16. Ne5 dxc4 17. bxc4 Nxe5 18. dxe5 Nd7 19. Be4 Nc5 20. Bxb7 Qxb7
21. h4 Red8 22. Nf3 Rxd1 23. Rxd1 Qe4 24. Qxe4 Nxe4 25. Rd7 Rxc4 26. Bd4 Bxa3
27. Rxa7 Bc5 28. Rc7 Rxd4 0-1

[Event "Elitserien(Kamraterna-Wasa)"]
[Site "?"]
[Date "2005.??.??"]
[Round "11"]
[White "Madebrink, Lars"]
[Black "Nordstrom, Felix"]
[Result "1/2-1/2"]
[WhiteElo "2228"]
[BlackElo "2212"]
[PlyCount "65"]

1. Nf3 d5 2. d4 Nf6 3. c4 e6 4. Nc3 Be7 5. Bf4 O-O 6. e3 c5 7. Bd3 dxc4 8. Bxc4
Nc6 9. dxc5 Bxc5 10. O-O a6 11. Qe2 b5 12. Bb3 Bb7 13. Rfd1 Qb6 14. Ng5 Rfd8
15. Nce4 Nxe4 16. Nxe4 Be7 17. Qh5 Nd4 18. Ng5 Bxg5 19. Bxg5 Qc6 20. f3 Nxb3
21. axb3 Rxd1+ 22. Rxd1 h6 23. Bf4 Rc8 24. h3 Qe8 25. Qg4 Kh8 26. Be5 f6 27.
Bc3 Bd5 28. b4 Rd8 29. Qd4 Rd7 30. Qb6 Bb7 31. Rd6 Rxd6 32. Qxd6 e5 33. e4
1/2-1/2

[Event "Elitserien(Kamraterna-Wasa)"]
[Site "?"]
[Date "2005.??.??"]
[Round "11"]
[White "Berkell, Peder"]
[Black "Wallin, Dennis"]
[Result "1/2-1/2"]
[WhiteElo "2242"]
[BlackElo "2285"]
[PlyCount "49"]

1. d4 g6 2. Nf3 Bg7 3. c4 f5 4. Nc3 Nf6 5. g3 O-O 6. Bg2 d6 7. O-O Qe8 8. d5 c5
9. e4 fxe4 10. Ng5 h6 11. Ngxe4 Nxe4 12. Nxe4 b5 13. Nxc5 bxc4 14. Ne6 Bxe6 15.
dxe6 Nc6 16. Qd5 Rc8 17. Qxc4 Nd4 18. Qd3 g5 19. Be3 Nc2 20. Rac1 Nxe3 21. Rxc8
Qxc8 22. Qxe3 Qa6 23. Bd5 Bxb2 24. Rb1 Qa4 25. Qd3 1/2-1/2

[Event "Elitserien(Kamraterna-Wasa)"]
[Site "?"]
[Date "2005.??.??"]
[Round "11"]
[White "Hagggstrom, Olle"]
[Black "Collett, Peter"]
[Result "1/2-1/2"]
[WhiteElo "2230"]
[BlackElo "2261"]
[PlyCount "26"]

1. d4 Nf6 2. c4 e6 3. Nf3 c5 4. d5 exd5 5. cxd5 d6 6. Nc3 g6 7. Bf4 a6 8. e4 b5
9. Qe2 Nh5 10. Bg5 Be7 11. Bh6 Bf8 12. Bg5 Be7 13. Bh6 Bf8 1/2-1/2

[Event "Elitserien(Eksjo-Passanten)"]
[Site "?"]
[Date "2005.??.??"]
[Round "11"]
[White "Cramling, Dan"]
[Black "Gdanski, Jacek"]
[Result "0-1"]
[WhiteElo "2387"]
[BlackElo "2596"]
[PlyCount "64"]

1. c4 g6 2. e4 Bg7 3. d4 c5 4. Nf3 Qb6 5. Nc3 cxd4 6. Nd5 Qa5+ 7. b4 Qd8 8.
Nxd4 Nf6 9. Nxf6+ Bxf6 10. Bb2 a5 11. a3 O-O 12. Be2 axb4 13. axb4 Rxa1 14.
Qxa1 Nc6 15. Nxc6 dxc6 16. Bc3 Bxc3+ 17. Qxc3 Qc7 18. O-O Rd8 19. Rd1 Rxd1+ 20.
Bxd1 c5 21. bxc5 Qxc5 22. Qd3 b6 23. Be2 Bb7 24. Kf1 Kg7 25. f3 Bc8 26. Ke1 e5
27. Bf1 Be6 28. Kd2 Qf2+ 29. Qe2 Qg1 30. g3 h5 31. Ke1 Bh3 32. Qf2 Qh1 0-1

[Event "Elitserien(Eksjo-Passanten)"]
[Site "?"]
[Date "2005.??.??"]
[Round "11"]
[White "Gustafsson, Fredrik"]
[Black "Ekelund, peter"]
[Result "1-0"]
[WhiteElo "2200"]
[BlackElo "2112"]
[PlyCount "109"]

1. e4 c5 2. Nc3 e6 3. g3 Nc6 4. Bg2 Nf6 5. d3 Be7 6. f4 d5 7. e5 Nd7 8. Nf3 a6
9. a4 Qc7 10. O-O b6 11. Qe2 Bb7 12. Nd1 O-O-O 13. c3 Rde8 14. Bd2 Kb8 15. Rb1
f6 16. b4 fxe5 17. fxe5 cxb4 18. cxb4 g5 19. Nxg5 Bxg5 20. Bxg5 Nxb4 21. Rf7
Nc6 22. Ne3 h6 23. Bf4 Nd8 24. Rg7 Ka8 25. d4 Ref8 26. Ng4 Rf7 27. Rxf7 Nxf7
28. Rc1 Qd8 29. Qc2 h5 30. Nf2 Qe7 31. Qg6 Kb8 32. h4 Nd8 33. Bh3 Qh7 34. Qxh7
Rxh7 35. Nd3 Nc6 36. Be3 Nf8 37. Nf4 Nd8 38. Bf1 a5 39. Be2 Bc6 40. Nxh5 Bxa4
41. Nf6 Rc7 42. Rxc7 Kxc7 43. h5 Bc2 44. Kf2 a4 45. Bc1 Kc6 46. Ba3 Nh7 47.
Nxh7 Bxh7 48. Ke3 b5 49. Bd3 Bxd3 50. Kxd3 Nf7 51. g4 Kb6 52. Kc3 Ka5 53. Bb4+
Kb6 54. Be7 Ka5 55. g5 1-0

[Event "Elitserien(Eksjo-Passanten)"]
[Site "?"]
[Date "2005.??.??"]
[Round "11"]
[White "Danielsson, Robert"]
[Black "Andersson, Johan"]
[Result "1/2-1/2"]
[WhiteElo "2002"]
[BlackElo "2222"]
[PlyCount "28"]

1. d4 d6 2. c4 e5 3. Nc3 exd4 4. Qxd4 Nc6 5. Qd1 Nf6 6. Nf3 Be6 7. e4 g6 8. Be2
Bg7 9. Qc2 O-O 10. O-O Nd7 11. Be3 f5 12. exf5 Bxf5 13. Qd2 Nde5 14. Nxe5 Bxe5
1/2-1/2

[Event "Elitserien(Eksjo-Passanten)"]
[Site "?"]
[Date "2005.??.??"]
[Round "11"]
[White "Krantz, Christopher"]
[Black "Jordas, Ingvar"]
[Result "1-0"]
[WhiteElo "2112"]
[BlackElo "1783"]
[PlyCount "67"]

1. e4 e5 2. Nf3 Nc6 3. Bc4 Bc5 4. d3 Nf6 5. Nc3 d6 6. Be3 Nd4 7. Bxd4 exd4 8.
Ne2 Bg4 9. Ng3 O-O 10. O-O Nd7 11. h3 Be6 12. Bb3 Bxb3 13. axb3 Ne5 14. Nf5
Nxf3+ 15. Qxf3 Qf6 16. Qg4 Rae8 17. f4 Qg6 18. Qxg6 fxg6 19. Ng3 Rf7 20. Ne2
Ref8 21. g4 b5 22. Kg2 Bb6 23. h4 c5 24. h5 gxh5 25. gxh5 Rf6 26. f5 d5 27. Nf4
dxe4 28. dxe4 g5 29. hxg6 hxg6 30. Nxg6 Rd8 31. e5 Rf7 32. f6 Kh7 33. Ne7 Bc7
34. Rh1# 1-0

[Event "Elitserien(LASK-SodraSASS)"]
[Site "?"]
[Date "2005.??.??"]
[Round "11"]
[White "Ornstein, Axel"]
[Black "Tikkanen, Hans"]
[Result "1/2-1/2"]
[WhiteElo "2441"]
[BlackElo "2417"]
[PlyCount "33"]

1. d4 g6 2. e4 Bg7 3. Nf3 d6 4. c3 Nf6 5. Bd3 O-O 6. O-O Nc6 7. Nbd2 e5 8. dxe5
Nxe5 9. Nxe5 dxe5 10. Bc4 b6 11. Re1 Bb7 12. Qc2 Bh6 13. Nf1 Bxc1 14. Raxc1 Qe7
15. b4 Kg7 16. Rcd1 Rad8 17. f3 1/2-1/2

[Event "Elitserien(LASK-SodraSASS)"]
[Site "?"]
[Date "2005.??.??"]
[Round "11"]
[White "Olsson, Linus"]
[Black "Sjoberg, Mats"]
[Result "1-0"]
[WhiteElo "2385"]
[BlackElo "2401"]
[PlyCount "54"]

1. d4 Nf6 2. c4 e6 3. g3 Bb4+ 4. Nd2 O-O 5. Bg2 d5 6. Ngf3 Re8 7. O-O Nbd7 8.
Qc2 Bd6 9. Rd1 b6 10. e4 dxe4 11. Ng5 Rb8 12. Ngxe4 Bf8 13. c5 Nd5 14. c6 N7f6
15. Nc4 Nxe4 16. Bxe4 g6 17. h4 Bg7 18. h5 f5 19. Bf3 g5 20. Ne3 g4 21. Bg2 Nf6
22. d5 exd5 23. Nxd5 Ne4 24. Bf4 Be5 25. Bxe4 fxe4 26. Qxe4 Bxb2 27. Nf6+ Bxf6
1-0

[Event "Elitserien(LASK-SodraSASS)"]
[Site "?"]
[Date "2005.??.??"]
[Round "11"]
[White "Welin, Thomas"]
[Black "Semcesen, Daniel"]
[Result "1/2-1/2"]
[WhiteElo "2380"]
[BlackElo "2316"]
[PlyCount "57"]

1. b3 Nf6 2. Bb2 Nc6 3. Nf3 d5 4. g3 Bg4 5. Bg2 e6 6. O-O Bc5 7. d4 Bd6 8. Nbd2
O-O 9. c4 Re8 10. Ne5 Bh5 11. Nxc6 bxc6 12. c5 Bf8 13. b4 a5 14. bxa5 Rxa5 15.
a4 e5 16. dxe5 Nd7 17. Nb3 Ra6 18. Qd3 Qa8 19. Qf5 Rb8 20. Qxh5 Rxb3 21. e6
fxe6 22. Bh3 Rxb2 23. Bxe6+ Kh8 24. Bxd7 Bxc5 25. Bf5 Qg8 26. Bxh7 Qxh7 27.
Qe8+ Qg8 28. Qh5+ Qh7 29. Qe8+ 1/2-1/2

[Event "Elitserien(LASK-SodraSASS)"]
[Site "?"]
[Date "2005.??.??"]
[Round "11"]
[White "Lundvik, Jonas"]
[Black "Nilsson, Sebastian"]
[Result "1/2-1/2"]
[WhiteElo "2322"]
[BlackElo "2306"]
[PlyCount "53"]

1. d4 d5 2. Nf3 Nc6 3. Bf4 Bg4 4. c4 e6 5. cxd5 Bxf3 6. gxf3 Qxd5 7. e3 O-O-O
8. Nc3 Qh5 9. Bg3 Nge7 10. Bg2 Qg6 11. Qb3 h5 12. h4 Nf5 13. Ne4 Bd6 14. Nxd6+
Rxd6 15. Bh3 Nfxd4 16. exd4 Nxd4 17. Qc4 Nc2+ 18. Ke2 Rc6 19. Qe4 Qxe4+ 20.
fxe4 Nxa1 21. Rxa1 Rc2+ 22. Ke3 Rd8 23. Be5 Rcd2 24. Bf1 f6 25. Bc3 Rd1 26.
Rxd1 Rxd1 27. Ke2 1/2-1/2

[Event "Elitserien(LASK-SodraSASS)"]
[Site "?"]
[Date "2005.??.??"]
[Round "11"]
[White "Persson, Hakon"]
[Black "Holmqvist, Gunnar"]
[Result "1/2-1/2"]
[WhiteElo "2364"]
[BlackElo "2263"]
[PlyCount "117"]

1. c4 Nf6 2. Nc3 c5 3. g3 g6 4. Bg2 Bg7 5. e3 O-O 6. Nge2 Nc6 7. O-O d6 8. d3
Bd7 9. Rb1 Rb8 10. a3 a6 11. b4 b6 12. b5 axb5 13. Nxb5 Qc8 14. Nf4 Bg4 15. Qc2
g5 16. Nd5 Nxd5 17. cxd5 Na5 18. e4 h6 19. f4 f6 20. f5 Bh5 21. h3 Be8 22. Be3
Bd7 23. g4 Qb7 24. Bd2 Qa6 25. a4 Rfc8 26. Rfc1 Ra8 27. Bf1 Nb7 28. Nc3 c4 29.
d4 Bxa4 30. Nxa4 Qxa4 31. Qxa4 Rxa4 32. Rxb6 Nd8 33. Rb4 Ra2 34. Be1 h5 35.
Rbxc4 Rxc4 36. Bxc4 Ra3 37. Kg2 hxg4 38. hxg4 Re3 39. Ba5 Nf7 40. Re1 Rxe1 41.
Bxe1 Nh6 42. Kf3 Kf8 43. Be2 Kf7 44. Bd2 Kf8 45. Ke3 Ke8 46. Kd3 Bh8 47. e5
fxe5 48. Bxg5 Nf7 49. Be3 Bf6 50. Ke4 exd4 51. Bxd4 Ng5+ 52. Ke3 Bxd4+ 53. Kxd4
Kf7 54. Ke3 Kf6 55. Kf4 Nh7 56. Bb5 Ng5 57. Be8 Nh3+ 58. Kg3 Ng5 59. Kf4
1/2-1/2

[Event "Elitserien(Astorp-Farsta)"]
[Site "?"]
[Date "2005.??.??"]
[Round "11"]
[White "Lindberg, Bengt"]
[Black "Sjodahl, Pontus"]
[Result "0-1"]
[WhiteElo "2494"]
[BlackElo "2453"]
[PlyCount "152"]

1. e4 e6 2. d4 d5 3. Nc3 Bb4 4. exd5 exd5 5. Bd3 Nc6 6. a3 Bxc3+ 7. bxc3 Be6 8.
Nf3 Qd7 9. Rb1 O-O-O 10. Bb5 f6 11. Nd2 a6 12. Ba4 Qe7 13. O-O Na5 14. Re1 Qd6
15. Qf3 Ne7 16. Nf1 Ng6 17. Ng3 Nh4 18. Qf4 Qxf4 19. Bxf4 Bd7 20. Bb3 g5 21.
Bd2 c6 22. Nf1 Nf5 23. Ne3 Nxe3 24. Rxe3 Rde8 25. Rbe1 h6 26. f3 Kd8 27. Kf2
Rxe3 28. Rxe3 Bf5 29. Ke1 Kd7 30. h3 h5 31. c4 Nxc4 32. Bxc4 dxc4 33. Bb4 Rh7
34. Kd2 Be6 35. Kc3 Bd5 36. Kd2 b6 37. Ke1 a5 38. Bd2 Rg7 39. Kf2 Rh7 40. Bc3
Rf7 41. Bd2 Be6 42. f4 g4 43. hxg4 hxg4 44. Re1 Bf5 45. c3 Rh7 46. Kg1 Rh5 47.
Ra1 Bd3 48. a4 Bc2 49. Kf2 Kd6 50. Bc1 Kd5 51. Ba3 Rh7 52. Re1 Be4 53. Kg3 f5
54. Ra1 Ke6 55. Bf8 Kd7 56. Ba3 Kc7 57. Bf8 Kb7 58. Bd6 Ka6 59. Bf8 Bc2 60. Bd6
Rh6 61. Be5 Re6 62. Kf2 Re7 63. Ra2 Bb3 64. Ra1 Kb7 65. Kg3 Kc8 66. Kf2 Kd7 67.
Rh1 Bxa4 68. Rh6 Re6 69. Rh7+ Ke8 70. Rb7 Re7 71. Rxb6 Ra7 72. Rb8+ Ke7 73. Rh8
Ke6 74. Ke3 Rd7 75. Rh6+ Kd5 76. Rf6 Bc2 0-1

[Event "Elitserien(Astorp-Farsta)"]
[Site "?"]
[Date "2005.??.??"]
[Round "11"]
[White "Ong, Kezli"]
[Black "Holmsgaard, Henrik"]
[Result "0-1"]
[WhiteElo "2478"]
[BlackElo "2309"]
[PlyCount "58"]

1. e4 c5 2. Nf3 Nc6 3. d4 cxd4 4. Nxd4 Nf6 5. Nc3 e5 6. Ndb5 d6 7. Bg5 a6 8.
Na3 b5 9. Bxf6 gxf6 10. Nd5 Bg7 11. Bd3 Ne7 12. Nxe7 Qxe7 13. O-O O-O 14. c3 f5
15. Nc2 f4 16. a4 bxa4 17. Rxa4 Qg5 18. Kh1 Bf6 19. Bc4 Kh8 20. f3 Rg8 21. Rf2
Qh5 22. Qxd6 Bh4 23. Rd2 Bh3 24. Bxf7 Qg5 25. Bxg8 Rxg8 26. g3 fxg3 27. Ra1
gxh2 28. Rxh2 Bg2+ 29. Kg1 Bxf3+ 0-1

[Event "Elitserien(Astorp-Farsta)"]
[Site "?"]
[Date "2005.??.??"]
[Round "11"]
[White "Tallinger, Thomas"]
[Black "Hjelm, Niclas"]
[Result "1-0"]
[WhiteElo "2204"]
[BlackElo "2391"]
[PlyCount "81"]

1. e4 e5 2. f4 exf4 3. Nf3 h6 4. d4 g5 5. h4 Bg7 6. g3 d5 7. e5 g4 8. Nh2 f3 9.
Kf2 Be6 10. Bf4 Ne7 11. Qd2 Qd7 12. Na3 Nbc6 13. c3 O-O-O 14. Nc2 Bf5 15. Ne3
Be6 16. Nhxg4 Ng6 17. h5 Nf8 18. Nh2 Nh7 19. Bd3 f6 20. exf6 Nxf6 21. Nxf3 Ne4+
22. Bxe4 dxe4 23. Nh4 Rhe8 24. b3 Qf7 25. Qe2 Bxd4 26. cxd4 Nxd4 27. Qb2 Qxh5
28. Rad1 Nf3 29. Qg7 Qa5 30. Nxf3 exf3 31. Qb2 Rxd1 32. Rxd1 Qh5 33. Kg1 f2+
34. Qxf2 Bd7 35. Rd5 Qf7 36. Ra5 a6 37. Rc5 Bc6 38. Qc2 Qd7 39. Qf5 Qxf5 40.
Rxf5 Rd8 41. Rf7 1-0

[Event "Elitserien(Astorp-Farsta)"]
[Site "?"]
[Date "2005.??.??"]
[Round "11"]
[White "Backelin, Rikard"]
[Black "Ivarsson, Stefan"]
[Result "0-1"]
[WhiteElo "2402"]
[BlackElo "2293"]
[PlyCount "82"]

1. e4 e6 2. d4 d5 3. Nc3 Bb4 4. Nge2 dxe4 5. a3 Bxc3+ 6. Nxc3 Nc6 7. Bb5 Nge7
8. Bg5 f6 9. Be3 O-O 10. Qd2 f5 11. O-O-O a6 12. Bxc6 Nxc6 13. f3 e5 14. d5 Ne7
15. fxe4 f4 16. Bf2 Bg4 17. Rde1 Ng6 18. h3 Bd7 19. Kb1 Qe7 20. Na2 Rfc8 21. c4
c6 22. d6 Qe6 23. c5 Be8 24. Qc3 Bf7 25. Nc1 Nf8 26. g3 fxg3 27. Qxg3 Nd7 28.
Rhg1 Bg6 29. Nd3 Rf8 30. Be3 Rf7 31. Bg5 Raf8 32. Qg2 Rf3 33. Qc2 Rxh3 34. Be7
Rff3 35. Nc1 Re3 36. Qa4 Bxe4+ 37. Ka1 Bg6 38. Qa5 Qf5 39. Ne2 Rhf3 40. Qc7 Qc2
41. Qa5 Rb3 0-1

[Event "Elitserien(Astorp-Farsta)"]
[Site "?"]
[Date "2005.??.??"]
[Round "11"]
[White "Pettersson, Gosta"]
[Black "Lindeman, Sven"]
[Result "0-1"]
[WhiteElo "2139"]
[BlackElo "2215"]
[PlyCount "140"]

1. c4 e5 2. Nc3 Nf6 3. g3 c6 4. Nf3 e4 5. Nd4 Bc5 6. Nb3 Bb4 7. Bg2 d5 8. cxd5
cxd5 9. O-O O-O 10. a3 Be7 11. d3 Be6 12. Nd4 exd3 13. Qxd3 Nc6 14. Bf4 Qd7 15.
Rfd1 Rad8 16. Rac1 Rfe8 17. Nxc6 bxc6 18. Na4 Qb7 19. b4 a5 20. bxa5 Ra8 21.
Bd2 Ne4 22. Be1 Bf5 23. Nb6 Rab8 24. Qb3 Bd8 25. Qa4 Re6 26. Rb1 Nc5 27. Qd4
Bxb1 28. Rxb1 Nd7 29. e4 Nxb6 30. exd5 cxd5 31. Qg4 Qc8 32. axb6 Bxb6 33. Qd1
Rd6 34. Bb4 Rd8 35. Rc1 Qe6 36. Qf3 Rd7 37. h4 h6 38. Rc2 Re8 39. Kh2 Qf6 40.
Qxf6 gxf6 41. Rd2 Red8 42. Bh3 Ra7 43. Bg2 d4 44. Rd3 Ba5 45. Bxa5 Rxa5 46. Kg1
Kf8 47. Kf1 Ke7 48. Ke1 Rd6 49. Bf3 Rb5 50. Bd1 Rb2 51. Kf1 Rd5 52. Bf3 Rd6 53.
Bd1 Kd8 54. Bb3 Kc7 55. Bxf7 Kb6 56. Kg2 Kc5 57. h5 Rc2 58. Bg6 Rc3 59. Rd2 d3
60. Kf3 Kd4 61. a4 Ra6 62. Be8 Re6 63. Bb5 Ra3 64. g4 Rd6 65. Kf4 Kc3 66. Rxd3+
Rxd3 67. Bxd3 Kxd3 68. Kf5 Rxa4 69. f4 Ke3 70. Kxf6 Kxf4 0-1

[Event "Elitserien(Astorp-Farsta)"]
[Site "?"]
[Date "2005.??.??"]
[Round "11"]
[White "Jaderberg, Bjorn"]
[Black "Josefsson, Kenneth"]
[Result "1-0"]
[WhiteElo "2291"]
[BlackElo "2018"]
[PlyCount "79"]

1. c4 Nf6 2. g3 g6 3. Nc3 Bg7 4. Bg2 O-O 5. d4 c6 6. e4 d6 7. Nge2 Qc7 8. O-O
e5 9. b3 Rd8 10. Bb2 Nbd7 11. Qd2 Re8 12. Rad1 a6 13. f4 exd4 14. Qxd4 b5 15.
Ba1 Re6 16. f5 Ne8 17. Qf2 gxf5 18. exf5 Rh6 19. cxb5 axb5 20. Nxb5 Qb8 21.
Bxg7 Nxg7 22. Bxc6 Rxa2 23. Nbd4 Ne5 24. Bd5 Bb7 25. Qg2 Bxd5 26. Qxd5 Ng4 27.
Ra1 Nf6 28. Qc6 Qa7 29. Rxa2 Qxa2 30. Qxd6 Nge8 31. Qf4 Rh5 32. Rc1 Qa8 33. Rc6
h6 34. b4 Rg5 35. b5 Kg7 36. h3 Qa1+ 37. Kh2 Nh5 38. Qe5+ Nef6 39. Ne6+ Kh7 40.
Qxa1 1-0